Aerarium evangelicum hoc est evangeliorum totius anni in omnes dominicas et ferias quadragesimae ... morali, et anagogico ...

Detalles Bibliográficos
Autor principal: MANSO, José
Formato: Libro
Publicado: París 1888
Materias:
Colección:Banco de datos
Acervo:Biblioteca Nacional de Antropología e Historia. Fondo Conventual
Descripción Física:t. I
Tema general:Homilética
Notas:Regular. XIV, 5, 8. Impreso en Besanzón por J. Bonvalot. Ex libris en sello: encuadernación del Colegio de San Ignacio a cargo de Amador Mejía. Morelia.
LEADER 00882nam a22002050004500
035 |a 6517 
036 |a 1122 
100 1 |a MANSO, José 
245 1 0 |a Aerarium evangelicum hoc est evangeliorum totius anni in omnes dominicas et ferias quadragesimae ... morali, et anagogico ... 
260 |a París  |b ed. Z.C. Jourdain - Hipólito Walzer  |c 1888 
300 |a t. I 
500 |a Regular. XIV, 5, 8. Impreso en Besanzón por J. Bonvalot. Ex libris en sello: encuadernación del Colegio de San Ignacio a cargo de Amador Mejía. Morelia. 
650 1 0 |a Homilética 
949 |a B.N.A.H. 
959 |a Biblioteca Nacional de Antropología e Historia. Ciudad de México  |b CCC1 
960 |a Seminario de Morelia  |b DD56 
961 |a Casa de formación del Clero Secular  |b CS 
942 |c B.N.A.H. 
943 |g Biblioteca Nacional de Antropología e Historia. Fondo Conventual 
999 |c 1031049  |d 1031049